000 00509nam a22001697a 4500
999 _c8632
_d8632
008 201209b ||||| |||| 00| 0 eng d
040 _aBMS College of Architecture
100 _aVasudev, Nehal
245 _aFootball stadium
300 _a61p.
500 _a1BM10AT042
502 _8B,Arch
_NBMS College of Architecture, Visvesvaraya Technological University (VTU)
_aProject report
_d2016
650 _aNA
700 _aDakshayini R Patil
_eGuide
700 _aB N Bindumadhava
_eGuide
942 _2ddc
_cTHE